01172nam a2200265 a 45000010005000000030008000050050017000130080039000300200069000690350018001380400035001560410008001910820036001991100037002352450210002722460190004822500022006722600087006943000023007815040019008045050014008236100006008376500031008436500032008745379BD-RjUL20211208234045.0131226r19831975bg sb 001 0 eng c: Tk. 23.50 (1975 Reprint ed.) ; Tk. 75.00 (1983 Reprint ed.) ;  a(BD-RjUL)5415 aBD-RjULcBD-RjULbengdBD-RjUL aeng04a336.5492223bBAC V-1 1975-19831 aBangladesh.bMinistry of Finance14aCompilation of the Fundamental Rules and Supplementary Rules made by the Governor-General, including orders, etc., issued by the Central Government, Auditor General, etc. /cBangladesh. Ministry of Finance aCompilation of the Fundamental Rules and Supplementary Rules made by the President including orders, etc., issued by the Bangladesh Government, Auditor General, etc. (1983 Reprint ed.) a!st ed. (Reprint) aDacca (Dhaka) :bBangladesh Government printing press,c1964 [Reprint 1975, 1983.] av, 400 p.;c25 cm. aIncludes index aVol. 1 --10a  0aCivil servicezBangladesh. 0aFinance, PubliczBangladesh